MDQL
is popping MORE tags! Check the
thread
!
Quizzes
Events
Quiz Creation
Community
Videos
Private Events
Remove Ads
Sign In
Join for FREE
Feedback
Dark Mode
Quiz Categories
Sports
Geography
Music
Movies
Television
Just For Fun
Miscellaneous
History
Literature
Language
Science
Gaming
Entertainment
Religion
Holiday
For Kids
Quiz Lab
Recent
Popular Today
Quiz Kudos Today
Editor Picks
Curator Picks
Quizzes by...
Day
Popularity
Type
Ratings
Length
Year
Community
Subscriptions
Recent Discussions
Orange Saloon
Badges
Playlists
Quests
Create
Leaderboards
Showdown
Live 5
Trivia Bingo
Activity
Puzzle Library
Sporcle Events
Private Events
Virtual Trivia
Globe League
Become a Host
Pub Owners
SporcleCon
Opinionation
Our Games
Videos
Blog
Mobile Apps
Partnerships
Remove Ads and Go Orange
Feedback
Religion
Mythology
Religious Music
World Religions
Bible
Christianity
Catholicism
Judaism
Church
Scripture
Islam
Verse
Religion
Mythology
Religious Music
World Religions
Bible
Christianity
Catholicism
Judaism
Church
Scripture
Islam
Verse
Random Quiz
Search Sporcle
×
Quiz Lab
Quiz Lab
Religion
Catholicism
Type in answers that appear in a list
Type in answers that appear in a list
Classic
Best Score? Go Orange.
Catholic Solemnities (Holy Days) Stats
Can you name the Catholic Solemnities (Holy Days)?
By
tonybraintree
5m
20 Questions
344 Plays
344 Plays
344 Plays
Comments
Comments
Give Quiz Kudos
Give Quiz Kudos
-
- Ratings
hide this ad
More Info
Replay
Link that replays current quiz
Next Quiz
Link to next quiz in quiz playlist
You Got
0%
They Got
Avg Score
57%
Avg Friend Score
Upgrade to see
Score Distribution
Jump to the score distribution portion of the page
Score
0/20
Timer
05:00
0
Plays Today
Date
Solemnity (Holy Day[s])
% Correct
1. This day of the week, every week!
Sunday
97.4%
7. First Sunday following the Paschal Full Moon (hint)
Easter
94.2%
20. December 25th
Christmas
93.6%
6. First day of Lent
Ash Wednesday
88.4%
10. 50th day after answer to question 7
Pentecost
75.3%
17. November 1st
All Saint's Day
75.3%
8. The week leading up to the answer to question 7
Holy Week
72.1%
3. January 6th (traditionally)
Epiphany
70.3%
9. 40th day after answer to question 7
Ascension Thursday
64.5%
19. December 8th
Immaculate Conception of Mary
63.7%
Date
Solemnity (Holy Day[s])
% Correct
16. August 15th
Assumption of Mary
62.5%
5. March 25th
Annunciation
41.3%
18. Last Sunday before Advent
Christus Rex
39.8%
2. January 1st
Mary Mother of God
38.1%
4. March 19th
St. Joseph, Husband of Mary
35.8%
12. First Thursday after answer to question 11
Corpus Christi
33.7%
11. First Sunday after answer to question 10
Holy Trinity
33.1%
15. June 29th
Ss. Peter and Paul, Apostles
25.9%
14. June 24th
Nativity of St. John the Baptist
20.9%
13. Second Friday after answer to question 11
Sacred Heart of Jesus
19.2%
Quiz Playlist
Details
Report
Send in Message
Add To Playlist
More Info:
These are the holiest days on the Catholic liturgical calendar according to the Roman (Western) Rite.
Classic:
Type in answers that appear in a list
Quiz Source
Last Updated: Feb 16, 2017
Quiz Scoreboard
CHALLENGE
Sign Up to Join the Scoreboard
Show All
Scores
Hide
Comments
May contain spoilers
Recently Published
Street Fighter Characters
by Artimus82
Gaming
60s
9x9 Crossword: Cartoon Network
by jackfrog10
Miscellaneous
3m
College Basketball Coaching Resumes
by pancakes188
Sports
9m
More to Explore
Quiz From the Vault
Featured Blog Post
Where Did the Easter Bunny Come From?
hide this ad
You Might Also Like...
Tags
Catholicism Quiz
catholic
date
Holy
Holy Days
Solemnity
Today's Top Quizzes in Religion
Browse Religion
hide this ad
Today's Top Quizzes in Catholicism
Browse Catholicism
Top Contributed Quizzes in Religion
1
5-to-1: Children of Gods
2
5-to-1: European Churches
3
One Thing in Common: Mythology
4
One Thing in Common: Mythology II
5
Mythological Creature Bunker
6
Prime Time: Religion
7
10 to 1: Islam
8
One Thing in Common: Religion
9
Murdered Mythical Monsters
10
One Thing in Common: Religion and Mythology
Explore More
Trending Topics
Crossword
Disney
Kpop
Marvel
Anime
Harry Potter
NBA
The Office
Soccer
Puzzle
NFL
Pokémon
Song
Country
WWE
hide this ad
More By:
tonybraintree
Quiz
Plays
Rating
Category
Featured
Created
RUSH album by songs (clickable)
566
4.00
Music
Apr 4, 2012
Celtics vs. Lakers
344
4.33
Sports
May 31, 2010
Catholic Solemnities (Holy Days)
344
4.00
Religion
Jan 2, 2010
Celtic Players in the Hall of Fame
175
2.00
Sports
May 31, 2010
Most and Least Advanced Degrees by State
139
Geography
Apr 15, 2011
Go to Creator's Profile
Score Distribution
Quiz Creator Spotlight
tonybraintree
Follow
Send a Message
Quizzes Created
-
Created Quiz Play Count
-
More By This Creator
Popular Quizzes Today
1
Find the US States - No Outlines Minefield
2
Find the Countries of Europe - No Outlines Minefield
3
The Countries of the World
4
Find the US States
5
Risky Map Clicking: Biggest States A-Z
6
US States
7
Popular People in 1961
8
Movies - When Are They Set?
More Religion Quizzes
Symbol Cryptogram: Bible Books VII
Quiz Lab
Trending Quizzes
Risky Map Clicking: Least Populous States A-Z
1-10 Letter G Words
Risky Map Clicking: Next State Alphabetically
Adjectives in 80s TV Shows
The Seven Year Switch: Catherine
Recently Updated
Leaping Animals
pecheneg
Reality TV Shows (A-Z)
bhenderson79
Rickey Henderson's Hall of Fame Teammates
pecheneg
Champions League XIs: Arsenal
pecheneg
Quick Pick: Celebrities in WWE's Hall of Fame
aduchscher
A-Z Keypad Blitz II
pecheneg
Multiple Oscar Actors
pecheneg
Mystery Phrase Blitz: Oscar 'Best Actors'
pecheneg
F. Scott Fitzgerald Novels
LTH
Pick 3 Villains
ddd62291
Trending Topics
Harry Potter
Anime
Disney
Crossword
Marvel
NBA
Kpop
The Office
Puzzle
Song
Pokémon
Soccer
Country
WWE
NFL
Your Account Isn't Verified!
In order to create a playlist on Sporcle, you need to verify the email address you used during registration. Go to your
Sporcle Settings
to finish the process.
Report this User
Report this user for behavior that violates our
Community Guidelines
.
Details:
Send Report
Go to the Sporcle.com Mobile Site →
Comments